[Event "Rewal 2011 - Open A"]
[Site "Rewal"]
[Date "2011.08.19"]
[Round "1.1"]
[White "Dowgird, Filip"]
[Black "Cyborowski, Lukasz"]
[Result "0-1"]
[WhiteElo "2110"]
[BlackElo "2537"]
[EventDate "2011.??.??"]
[PlyCount "52"]

1.Nf3 c5 2.e4 e6 3.d3 Nc6 4.g3 g6 5.Bg2 Bg7 6.O-O Nge7 7.Nbd2 O-O 8.Re1 d6
9.Nf1 h6 10.Ne3 e5 11.c3 Be6 12.a3 a5 13.a4 Kh7 14.h4 f5 15.h5 f4 16.gxf4 
exf4 17.hxg6+ Nxg6 18.Nf5 Bxf5 19.exf5 Rxf5 20.Qb3 Rb8 21.Bh3 Rh5 22.Qe6 
Nce5 23.Nxe5 Qg5+ 24.Kh2 Nxe5 25.Rxe5 Bxe5 26.d4 f3+ 0-1

[Event "Rewal 2011 - Open A"]
[Site "Rewal"]
[Date "2011.08.19"]
[Round "1.2"]
[White "Koziak, Vitali"]
[Black "Zielinski, Wojciech"]
[Result "1-0"]
[WhiteElo "2484"]
[BlackElo "2097"]
[EventDate "2011.??.??"]
[PlyCount "93"]

1.d4 e6 2.Nf3 Nf6 3.c4 d5 4.Nc3 Be7 5.g3 O-O 6.Bg2 c5 7.dxc5 dxc4 8.Qxd8 
Rxd8 9.Ne5 Bxc5 10.Nxc4 Nc6 11.O-O Bd7 12.Bf4 Be8 13.Rfc1 Rac8 14.Kf1 h6 
15.h3 Kh7 16.Rd1 Rxd1+ 17.Rxd1 Rd8 18.Bd6 Bxd6 19.Nxd6 Rb8 20.Nce4 Kg6 21.
Nc5 Nd8 22.Ndxb7 Nxb7 23.Bxb7 Nd5 24.Bxd5 exd5 25.b3 Bc6 26.Nd3 Kf6 27.Rc1
Bb5 28.Rc7 Bxd3 29.exd3 Ke5 30.Rxa7 Rc8 31.Ke2 Rc2+ 32.Ke3 d4+ 33.Kf3 Rd2 
34.Rxf7 Rxd3+ 35.Ke2 Rc3 36.Rxg7 Rc2+ 37.Kf3 Rxa2 38.Re7+ Kd5 39.Rb7 Rb2 
40.Rb5+ Kc6 41.Rh5 Rxb3+ 42.Ke4 d3 43.Ke3 Kd6 44.Rxh6+ Kc5 45.Rh8 Kc4 46.
Rc8+ Kd5 47.Rd8+ 1-0

[Event "Rewal 2011 - Open A"]
[Site "Rewal"]
[Date "2011.08.19"]
[Round "1.3"]
[White "Zakrzewski, Marek"]
[Black "Dragun, Kamil"]
[Result "0-1"]
[WhiteElo "2097"]
[BlackElo "2428"]
[EventDate "2011.??.??"]
[PlyCount "68"]

1.e4 c5 2.Nc3 Nc6 3.g3 g6 4.Bg2 Bg7 5.d3 d6 6.Be3 e6 7.Qd2 Nd4 8.Nd1 Ne7 
9.c3 Ndc6 10.Bh6 O-O 11.Ne2 d5 12.O-O dxe4 13.dxe4 b6 14.Re1 Ba6 15.Nc1 
Qxd2 16.Bxd2 Rad8 17.Bf4 Rd7 18.Bf1 Bxf1 19.Kxf1 Rfd8 20.Ke2 Ne5 21.Rb1 
N7c6 22.b3 Ng4 23.h3 Nf6 24.Bg5 h6 25.Bxf6 Rd2+ 26.Ke3 Bxf6 27.Nb2 Bxc3 
28.Ncd3 Nb4 29.Red1 Nxd3 30.Rxd2 Bxd2+ 31.Kxd2 Nxb2+ 32.Ke2 Nd1 33.Rxd1 
Rxd1 34.Kxd1 Kf8 0-1

[Event "Rewal 2011 - Open A"]
[Site "Rewal"]
[Date "2011.08.19"]
[Round "1.5"]
[White "Zmarzly, Aleksandra"]
[Black "Ivanov, Mikhail M"]
[Result "0-1"]
[WhiteElo "2094"]
[BlackElo "2410"]
[EventDate "2011.??.??"]
[PlyCount "84"]

1.e4 c5 2.Nf3 a6 3.c3 d6 4.d4 Qc7 5.Bd3 g6 6.O-O Bg4 7.Nbd2 Bg7 8.h3 Bd7 
9.a4 cxd4 10.Nxd4 Nf6 11.N2f3 O-O 12.Bg5 h6 13.Bxf6 Bxf6 14.Qd2 Bg7 15.Nh2
Nc6 16.Nxc6 bxc6 17.f4 c5 18.Bc4 Bc6 19.Rfe1 Qb7 20.Qc2 e6 21.b3 Bxe4 22.
Rxe4 d5 23.Bxa6 Rxa6 24.Ree1 d4 25.Nf3 Rb8 26.cxd4 cxd4 27.Rab1 Rb6 28.Nd2
Rd8 29.Qd3 Rd5 30.Rec1 h5 31.Ne4 Qb8 32.Rf1 h4 33.Nd2 Rf5 34.Nc4 Rb4 35.
Rf3 Rxf4 36.Rbf1 Rxf3 37.Qxf3 Qa7 38.Nd6 d3+ 39.Kh1 Rxb3 40.Nxf7 Qb7 41.
Qg4 Rb1 42.Nh6+ Kh7 0-1

[Event "Rewal 2011 - Open A"]
[Site "Rewal"]
[Date "2011.08.19"]
[Round "1.6"]
[White "Nguyen, Piotr"]
[Black "Lewtak, Damian"]
[Result "1/2-1/2"]
[WhiteElo "2378"]
[BlackElo "2093"]
[EventDate "2011.??.??"]
[PlyCount "88"]

1.d4 d5 2.c4 c6 3.Nf3 Nf6 4.e3 Bf5 5.Qb3 Qb6 6.Nc3 e6 7.Nh4 Qxb3 8.axb3 
Bc2 9.c5 Bxb3 10.Nf3 Bc2 11.b4 Be7 12.b5 O-O 13.Ne5 Rc8 14.f3 cxb5 15.Bxb5
a6 16.g4 Ne8 17.Ra2 Bg6 18.Bd2 Bf6 19.Nxg6 hxg6 20.Ke2 Nc7 21.Ba4 e5 22.
Kd3 Nc6 23.Rb1 exd4 24.exd4 Ne6 25.Nxd5 Rd8 26.Bxc6 bxc6 27.Nxf6+ gxf6 28.
Be3 Nxc5+ 29.Kc4 Nd7 30.Bf4 Ra7 31.h4 Kg7 32.Ra5 Nf8 33.Be3 Ne6 34.Ra3 
Rad7 35.Rd3 Rd5 36.Rbb3 Rb5 37.Ra3 Nc7 38.Bd2 Rd7 39.Bb4 Nd5 40.Bc5 a5 41.
Rdb3 Nc7 42.Bb6 Ne6 43.Rxb5 cxb5+ 44.Kxb5 Nxd4+ 1/2-1/2

[Event "Rewal 2011 - Open A"]
[Site "Rewal"]
[Date "2011.08.19"]
[Round "1.7"]
[White "Wiewiora, Eneasz"]
[Black "Westerinen, Heikki M.j"]
[Result "1/2-1/2"]
[WhiteElo "2083"]
[BlackElo "2355"]
[EventDate "2011.??.??"]
[PlyCount "95"]

1.d4 Nf6 2.Nf3 g6 3.c4 Bg7 4.Nc3 d6 5.e4 Bg4 6.Be2 Nfd7 7.O-O c5 8.d5 Bxc3
9.bxc3 Qa5 10.Nd2 Bxe2 11.Qxe2 Na6 12.a4 O-O 13.Qd3 f6 14.f4 Rae8 15.Rb1 
Qc7 16.Qh3 Rf7 17.Qg3 Kh8 18.f5 Rg8 19.Qe3 Ne5 20.Qe2 Nb8 21.Nf3 Nbd7 22.
Bf4 gxf5 23.exf5 Nb6 24.Bxe5 dxe5 25.a5 Nc8 26.Ra1 Rfg7 27.g3 Rg4 28.Nd2 
Nd6 29.Rf2 Qd7 30.Qd3 R8g5 31.Qe2 h5 32.Kh1 Rxf5 33.Rxf5 Qxf5 34.Qe3 Qg5 
35.Qe2 e4 36.Nf1 Qe5 37.Rc1 Nf5 38.Ne3 Nxe3 39.Qxe3 Qg5 40.Qxg5 fxg5 41.
Re1 Kg7 42.Re3 h4 43.Kg2 Kf6 44.Kh3 Kf5 45.Kg2 Ke5 46.Kh3 Kf5 47.Kg2 Ke5 
48.Kh3 1/2-1/2

[Event "Rewal 2011 - Open A"]
[Site "Rewal"]
[Date "2011.08.19"]
[Round "1.8"]
[White "Klim, Kamil"]
[Black "Rychlik, Hanna"]
[Result "1-0"]
[WhiteElo "2328"]
[BlackElo "2081"]
[EventDate "2011.??.??"]
[PlyCount "97"]

1.d4 Nf6 2.c4 e6 3.Nc3 Bb4 4.e3 b6 5.Bd3 Bb7 6.f3 c5 7.a3 cxd4 8.axb4 dxc3
9.bxc3 O-O 10.Ne2 d6 11.O-O Nbd7 12.e4 Qc7 13.Nd4 a6 14.Bg5 b5 15.cxb5 
Qxc3 16.Be2 axb5 17.Rb1 d5 18.Rb3 Qc7 19.Nxb5 Qb8 20.exd5 Bxd5 21.Rb2 Qe5 
22.Qd2 Nb6 23.f4 Qb8 24.Bxf6 gxf6 25.Nc3 Rd8 26.Qe1 Ra3 27.Nb1 Ra1 28.Qh4 
Kg7 29.Bd3 f5 30.Qg5+ Kh8 31.Qf6+ Kg8 32.Re2 Ra2 33.Nc3 Rxe2 34.Bxe2 Rc8 
35.Bh5 Qc7 36.Nb5 Qd7 37.Nd6 Rf8 38.Nxf7 Rxf7 39.Bxf7+ Qxf7 40.Qd8+ Kg7 
41.Qxb6 Qg6 42.Qf2 Qf6 43.Re1 Kf7 44.b5 Qc3 45.b6 Qc6 46.h3 Qc4 47.Kh2 Bb7
48.Qh4 Kg6 49.Re3 1-0

[Event "Rewal 2011 - Open A"]
[Site "Rewal"]
[Date "2011.08.19"]
[Round "1.9"]
[White "Siedlinski, Piotr"]
[Black "Popova, Natalija"]
[Result "0-1"]
[WhiteElo "2078"]
[BlackElo "2317"]
[EventDate "2011.??.??"]
[PlyCount "100"]

1.e4 c5 2.Nc3 Nc6 3.g3 g6 4.Bg2 Bg7 5.d3 e6 6.Be3 d6 7.f4 Nge7 8.Nf3 Nd4 
9.O-O O-O 10.Qd2 Rb8 11.Nd1 b5 12.c3 Nxf3+ 13.Bxf3 b4 14.c4 Qc7 15.Bf2 Bb7
16.Ne3 Rfd8 17.Rad1 d5 18.Qc2 d4 19.Ng2 Bc6 20.Qe2 Qb7 21.Ne1 e5 22.Bg2 
Qa6 23.Ra1 Bd7 24.h3 Rf8 25.Nf3 Nc6 26.Kh2 Rbe8 27.Nd2 Qc8 28.Rae1 Qc7 29.
fxe5 Nxe5 30.Nf3 Bc6 31.Qd2 Nxf3+ 32.Bxf3 f5 33.Kg2 fxe4 34.Bxe4 Bxe4+ 35.
Rxe4 Rxe4 36.dxe4 a5 37.Qg5 Kh8 38.g4 Qf7 39.Qxc5 Qf3+ 40.Kg1 Qxh3 41.Qg5 
Qd3 42.Re1 Qxc4 43.Qxa5 Qf7 44.Rf1 Qf3 45.Qg5 Qxe4 46.a4 bxa3 47.bxa3 Bf6 
48.Qh6 Qxg4+ 49.Kh1 Bg7 50.Qh2 d3 0-1

[Event "Rewal 2011 - Open A"]
[Site "Rewal"]
[Date "2011.08.19"]
[Round "1.10"]
[White "Maljush, Andrej"]
[Black "Miturova, Magdalena"]
[Result "1/2-1/2"]
[WhiteElo "2316"]
[BlackElo "2072"]
[EventDate "2011.??.??"]
[PlyCount "146"]

1.e4 e5 2.Nf3 Nc6 3.Bc4 Nf6 4.d3 Be7 5.O-O d6 6.Nc3 O-O 7.a4 Re8 8.Ng5 Rf8
9.f4 h6 10.Nf3 exf4 11.Bxf4 Be6 12.Nd5 Qd7 13.Qd2 Rae8 14.Nxe7+ Nxe7 15.
Bxe6 fxe6 16.a5 a6 17.Ra3 Ng6 18.Be3 e5 19.Rb3 c6 20.c4 Ng4 21.c5 d5 22.
exd5 cxd5 23.Rb6 Re6 24.h3 Nxe3 25.Qxe3 Rfe8 26.Re1 Qe7 27.b4 Rc6 28.Qf2 
Qf6 29.Rxb7 Nf4 30.Re3 Rf8 31.Qg3 e4 32.dxe4 d4 33.e5 dxe3 34.exf6 Ne2+ 
35.Kh2 Nxg3 36.Kxg3 Rcxf6 37.Re7 Rf4 38.Rxe3 Rxb4 39.Re6 Rc8 40.Rxa6 Rxc5 
41.Ra7 Ra4 42.Ra8+ Kh7 43.a6 Rca5 44.Rd8 Rxa6 45.Kh2 Ra2 46.Rd4 Rg6 47.Nh4
Rf6 48.Rd7 Rff2 49.Rb7 Kg8 50.Rb8+ Kf7 51.Rb7+ Kf6 52.Rb6+ Kg5 53.Kg3 Ra3+
54.Nf3+ Rfxf3+ 55.gxf3 Ra5 56.Rb4 g6 57.Rg4+ Kf6 58.h4 Rb5 59.Ra4 Re5 60.
Kf4 Rf5+ 61.Kg4 h5+ 62.Kg3 Re5 63.Rb4 Ra5 64.Rb6+ Kf5 65.Rb8 g5 66.Rf8+ 
Kg6 67.hxg5 Rxg5+ 68.Kf4 Ra5 69.Rg8+ Kf6 70.Rb8 Ra4+ 71.Kg3 h4+ 72.Kh3 Kg5
73.Rg8+ Kf5 1/2-1/2

[Event "Rewal 2011 - Open A"]
[Site "Rewal"]
[Date "2011.08.19"]
[Round "1.11"]
[White "Szczukiewicz, Andrzej"]
[Black "Bebel, Arkadiusz"]
[Result "0-1"]
[WhiteElo "2070"]
[BlackElo "2309"]
[EventDate "2011.??.??"]
[PlyCount "54"]

1.e4 e6 2.d4 d5 3.e5 c5 4.c3 Qb6 5.Nf3 Nc6 6.a3 Nh6 7.b4 cxd4 8.Bxh6 gxh6 
9.cxd4 Bd7 10.Be2 Rg8 11.O-O Rg4 12.h3 Rf4 13.g3 Rxf3 14.Bxf3 Qxd4 15.Qxd4
Nxd4 16.Bh5 a5 17.Nc3 Rc8 18.Ne2 Nc6 19.bxa5 Nxe5 20.Rab1 Rc7 21.Rfc1 Nc4 
22.Nd4 Bc5 23.Nf3 Ke7 24.Rb3 f6 25.Rbc3 Kd6 26.a6 bxa6 27.Kg2 a5 0-1

[Event "Rewal 2011 - Open A"]
[Site "Rewal"]
[Date "2011.08.19"]
[Round "1.12"]
[White "Ziaziulkina, Nastassia"]
[Black "Korosciel, Aneta"]
[Result "1-0"]
[WhiteElo "2291"]
[BlackElo "2066"]
[EventDate "2011.??.??"]
[PlyCount "143"]

1.e4 e5 2.Nf3 Nf6 3.d4 Nxe4 4.Bd3 d5 5.dxe5 Nc5 6.Be2 Be7 7.O-O O-O 8.Be3 
c6 9.Nbd2 Nbd7 10.c4 Nb6 11.Qc2 Ne6 12.Rad1 Qc7 13.Bd3 h6 14.Rfe1 Rd8 15.
Nd4 dxc4 16.Nxc4 Nd5 17.Nf5 Nef4 18.Nxe7+ Qxe7 19.Bh7+ Kh8 20.Be4 Be6 21.
Nd6 Rd7 22.Qc1 Nxe3 23.Qxe3 Nd5 24.Qg3 Rf8 25.f4 f5 26.Bb1 Kh7 27.Qf2 g6 
28.Rd3 Nb6 29.b3 Bd5 30.Red1 Rfd8 31.R3d2 Be6 32.Bc2 Nd5 33.Rf1 b6 34.Qg3 
Nc7 35.Re2 Ne8 36.Nxe8 Qxe8 37.Qc3 c5 38.Rff2 Rd4 39.Rd2 Qd7 40.Rxd4 cxd4 
41.Qd3 Rc8 42.Rd2 Rd8 43.Bd1 Kg7 44.Bf3 Qe7 45.g3 Qb4 46.Kf2 Kf7 47.Rc2 
Rd7 48.Rc6 Qa3 49.Rc2 Qb4 50.h3 a5 51.Bc6 Rd8 52.Bb5 Bd5 53.Rc7+ Kg8 54.
Bc4 Qa3 55.Bxd5+ Rxd5 56.Qc4 Qb2+ 57.Kf3 Qc3+ 58.Qxc3 dxc3 59.Rxc3 Kf7 60.
Rc7+ Ke8 61.Rc6 Rd3+ 62.Kf2 Kf7 63.Rf6+ Kg7 64.Rxb6 Rd2+ 65.Ke3 Rxa2 66.
Rb7+ Kf8 67.e6 Rb2 68.Kd4 a4 69.Ke5 Rxb3 70.Ra7 Ke8 71.Kf6 Rb8 72.Rh7 1-0

[Event "Rewal 2011 - Open A"]
[Site "Rewal"]
[Date "2011.08.19"]
[Round "1.13"]
[White "Falkowski, Dawid"]
[Black "Pacuszka, Tomasz"]
[Result "0-1"]
[WhiteElo "2059"]
[BlackElo "2289"]
[EventDate "2011.??.??"]
[PlyCount "76"]

1.e4 c5 2.Nc3 Nc6 3.g3 g6 4.Bg2 Bg7 5.d3 d6 6.Be3 Rb8 7.Qd2 b5 8.f4 b4 9.
Nd1 Bd7 10.Nf3 Qa5 11.d4 Nf6 12.d5 Nd8 13.Nh4 Ng4 14.Bg1 Nh6 15.h3 f6 16.
Be3 Nhf7 17.O-O Qc7 18.g4 Bh6 19.Nf3 a5 20.Nf2 Bg7 21.f5 O-O 22.h4 Be8 23.
Nh3 Ne5 24.Nxe5 dxe5 25.Rfd1 Nf7 26.Qf2 Rc8 27.c4 bxc3 28.bxc3 Nd6 29.Rdb1
Bb5 30.Kh1 Bd3 31.Rb2 Nxe4 32.Qe1 Nd6 33.Nf2 c4 34.h5 gxh5 35.Qd2 e4 36.
Bb6 Qb7 37.Bd4 Qxd5 38.Nxd3 cxd3 0-1

[Event "Rewal 2011 - Open A"]
[Site "Rewal"]
[Date "2011.08.19"]
[Round "1.14"]
[White "Obrusnik, Michal"]
[Black "Spicak, Krzysztof"]
[Result "1-0"]
[WhiteElo "2255"]
[BlackElo "2054"]
[EventDate "2011.??.??"]
[PlyCount "95"]

1.e4 c5 2.Nf3 Nc6 3.d4 cxd4 4.Nxd4 Nf6 5.Nc3 Qb6 6.Nb3 d6 7.Be2 e6 8.g4 a6
9.Be3 Qc7 10.g5 Nd7 11.f4 b5 12.a3 Bb7 13.Bg4 O-O-O 14.Qe2 g6 15.O-O-O Bg7
16.Nd4 Nc5 17.Ndxb5 axb5 18.Nxb5 Qe7 19.Qc4 Nxe4 20.Qxe4 d5 21.Qa4 d4 22.
Bf2 Kb8 23.Rhe1 Rd7 24.Nxd4 Bxd4 25.Bxd4 Rhd8 26.Be3 Rxd1+ 27.Rxd1 Rxd1+ 
28.Bxd1 Qd6 29.Bf3 Kc8 30.Qc4 Kc7 31.Bc5 Qd7 32.b4 Kb8 33.Qd3 Qe8 34.Qd6+ 
Kc8 35.Bb6 Qe7 36.Qd3 Qd7 37.Qxd7+ Kxd7 38.Kd2 Ba6 39.Be2 Bb7 40.c4 Ne7 
41.a4 Be4 42.Bd3 Bf3 43.a5 Nc8 44.Bd4 Ne7 45.b5 Kc7 46.Be5+ Kb7 47.Ke3 Bd1
48.Be4+ 1-0

[Event "Rewal 2011 - Open A"]
[Site "Rewal"]
[Date "2011.08.19"]
[Round "1.17"]
[White "Brzezinski, Mateusz"]
[Black "Wandzik, Wojciech"]
[Result "0-1"]
[WhiteElo "2042"]
[BlackElo "2239"]
[EventDate "2011.??.??"]
[PlyCount "52"]

1.c4 e5 2.Nc3 Nf6 3.g3 d5 4.cxd5 Nxd5 5.Bg2 Nb6 6.Nf3 Nc6 7.d3 Be7 8.O-O 
O-O 9.a3 Re8 10.b4 Bf8 11.Bb2 a5 12.b5 Nd4 13.Nd2 Rb8 14.Rc1 Bg4 15.Re1 
Qd7 16.a4 Bb4 17.Nce4 Nxe2+ 18.Rxe2 Bxe2 19.Qxe2 Nxa4 20.Ba1 Nb6 21.Nb3 
Qxb5 22.Qg4 Nd5 23.Nbc5 Ba3 24.Nd7 Bxc1 25.Nxb8 Rxb8 26.Bxe5 Bh6 0-1

[Event "Rewal 2011 - Open A"]
[Site "Rewal"]
[Date "2011.08.19"]
[Round "1.18"]
[White "Nasuta, Grzegorz"]
[Black "Grygierczyk, Wojciech"]
[Result "0-1"]
[WhiteElo "2237"]
[BlackElo "2040"]
[EventDate "2011.??.??"]
[PlyCount "52"]

1.e4 c6 2.d4 d5 3.e5 Bf5 4.h4 h5 5.c4 e6 6.Nc3 Ne7 7.Bg5 Nd7 8.Nf3 f6 9.
exf6 gxf6 10.Be3 dxc4 11.Bxc4 Nb6 12.Be2 Ned5 13.Nd2 Bg6 14.Bf3 Qd7 15.Qe2
O-O-O 16.O-O e5 17.Nxd5 Nxd5 18.Bxd5 Qxd5 19.Nb3 Rg8 20.f3 Bd6 21.Rad1 e4 
22.f4 Bf5 23.Qc2 Rg4 24.Qf2 Rdg8 25.Kh2 Bxf4+ 26.Bxf4 e3 0-1

[Event "Rewal 2011 - Open A"]
[Site "Rewal"]
[Date "2011.08.19"]
[Round "1.20"]
[White "Szymanski, Andrzej"]
[Black "Matuszczyk, Przemyslaw"]
[Result "1-0"]
[WhiteElo "2214"]
[BlackElo "2032"]
[EventDate "2011.??.??"]
[PlyCount "53"]

1.d4 Nf6 2.c4 d6 3.Nc3 Nbd7 4.Nf3 e5 5.g3 g6 6.Bg2 c6 7.O-O Bg7 8.dxe5 
dxe5 9.Qd6 Bf8 10.Qd2 Qc7 11.b3 Bb4 12.Bb2 O-O 13.Qh6 Re8 14.Ng5 Bf8 15.
Qh4 h6 16.f4 hxg5 17.fxg5 Nh5 18.g4 Nf4 19.Rxf4 Bg7 20.Rf3 Nc5 21.Raf1 Be6
22.Rh3 Kf8 23.Ba3 Qa5 24.Na4 b6 25.Qh7 Rac8 26.Qxg6 Re7 27.Rh7 1-0

[Event "Rewal 2011 - Open A"]
[Site "Rewal"]
[Date "2011.08.19"]
[Round "1.21"]
[White "Przybylka, Damian"]
[Black "Sowul, Bartosz"]
[Result "1/2-1/2"]
[WhiteElo "2030"]
[BlackElo "2208"]
[EventDate "2011.??.??"]
[PlyCount "69"]

1.e4 c5 2.c3 d5 3.exd5 Qxd5 4.d4 g6 5.Nf3 Bg7 6.Be3 cxd4 7.cxd4 Nf6 8.Nc3 
Qa5 9.Be2 O-O 10.O-O Nc6 11.a3 Nd5 12.Nxd5 Qxd5 13.Rc1 Rd8 14.Bc4 Qf5 15.
Ng5 e6 16.g4 Qf6 17.Ne4 Qe7 18.Bg5 f6 19.Be3 Kh8 20.Re1 Qf7 21.Qf3 Ne7 22.
Bf4 Qf8 23.Nd6 Nc6 24.Nxc8 Raxc8 25.Bxe6 Nxd4 26.Qe4 Rxc1 27.Bxc1 Qe7 28.
Bd5 Nf3+ 29.Kh1 Qxe4 30.Rxe4 f5 31.gxf5 gxf5 32.Re3 Nh4 33.Rd3 Re8 34.Rd1 
b6 35.Bg5 1/2-1/2

[Event "Rewal 2011 - Open A"]
[Site "Rewal"]
[Date "2011.08.19"]
[Round "1.22"]
[White "Berlin, Tatiana"]
[Black "Motyl, Tomasz"]
[Result "1/2-1/2"]
[WhiteElo "2206"]
[BlackElo "2027"]
[EventDate "2011.??.??"]
[PlyCount "38"]

1.e4 g6 2.d4 d6 3.Nf3 Bg7 4.Bc4 Nf6 5.Nc3 Nxe4 6.Nxe4 d5 7.Bd3 dxe4 8.Bxe4
Nd7 9.Bf4 O-O 10.Qd2 c5 11.Bh6 Nf6 12.Bxg7 Kxg7 13.Qe3 Nxe4 14.Qxe4 Qa5+ 
15.c3 cxd4 16.Qxd4+ e5 17.Qh4 f6 18.O-O Be6 19.Rfe1 Rad8 1/2-1/2

[Event "Rewal 2011 - Open A"]
[Site "Rewal"]
[Date "2011.08.19"]
[Round "1.23"]
[White "Reza, Wojciech"]
[Black "Sabuk, Piotr"]
[Result "1/2-1/2"]
[WhiteElo "2026"]
[BlackElo "2199"]
[EventDate "2011.??.??"]
[PlyCount "41"]

1.d4 d5 2.c4 e6 3.Nc3 Be7 4.Nf3 Nf6 5.g3 O-O 6.Bg2 dxc4 7.Qa4 a6 8.Qxc4 b5
9.Qb3 Bb7 10.O-O Nbd7 11.Rd1 Bd6 12.Bg5 Ra7 13.d5 Nc5 14.Qc2 b4 15.Be3 
bxc3 16.b4 Bxd5 17.bxc5 Be7 18.Ne5 Qe8 19.c6 Ra8 20.Bxd5 exd5 21.Qxc3 
1/2-1/2

[Event "Rewal 2011 - Open A"]
[Site "Rewal"]
[Date "2011.08.19"]
[Round "1.24"]
[White "Smola, Michal"]
[Black "Kasperek, Joanna"]
[Result "1/2-1/2"]
[WhiteElo "2187"]
[BlackElo "2025"]
[EventDate "2011.??.??"]
[PlyCount "71"]

1.e4 c5 2.Nf3 e6 3.d4 cxd4 4.Nxd4 a6 5.Bd3 Nf6 6.O-O Qc7 7.Be3 d6 8.Kh1 
Nbd7 9.Nd2 g6 10.c4 Bg7 11.Rc1 O-O 12.b4 b6 13.N4b3 Qd8 14.Qe2 Bb7 15.c5 
dxc5 16.bxc5 bxc5 17.Nxc5 Nxc5 18.Bxc5 Re8 19.Nc4 Bf8 20.Bb6 Qe7 21.Na5 
Rec8 22.Rb1 Bc6 23.Nxc6 Rxc6 24.Bxa6 Rb8 25.Bd4 Rxb1 26.Rxb1 Nxe4 27.Qxe4 
Rxa6 28.Rb7 Qd6 29.Qf3 f5 30.Qh3 h5 31.Qe3 Rxa2 32.h4 Ra6 33.Be5 Qd5 34.
Rb8 Kf7 35.Qc3 Rc6 36.Rb7+ 1/2-1/2

[Event "Rewal 2011 - Open A"]
[Site "Rewal"]
[Date "2011.08.19"]
[Round "1.25"]
[White "Sielicki, Tomasz"]
[Black "Kubit, Tomasz"]
[Result "1/2-1/2"]
[WhiteElo "2022"]
[BlackElo "2178"]
[EventDate "2011.??.??"]
[PlyCount "82"]

1.d4 d5 2.Bg5 Bf5 3.e3 h6 4.Bh4 Nf6 5.Bxf6 exf6 6.Nf3 c6 7.c4 Bxb1 8.Rxb1 
Qa5+ 9.Nd2 Qxa2 10.Ra1 Qxb2 11.Rb1 Qc3 12.cxd5 Bb4 13.Rb3 Qxd2+ 14.Qxd2 
Bxd2+ 15.Kxd2 cxd5 16.Rxb7 O-O 17.Be2 Nc6 18.Rc1 Na5 19.Rb5 Nc4+ 20.Bxc4 
dxc4 21.Rxc4 Rfb8 22.Ra5 Rb7 23.d5 f5 24.f3 Re8 25.d6 Rd8 26.Ra6 f6 27.Kc3
Rb6 28.Rxb6 axb6 29.Rc6 Kf7 30.Rxb6 Ke6 31.Rb7 Rd7 32.Rxd7 Kxd7 33.h4 g5 
34.h5 Kxd6 35.Kd4 Ke6 36.f4 gxf4 37.exf4 Kd6 38.Kc4 Kc6 39.Kd4 Kd6 40.g3 
Kc6 41.Kc4 Kd6 1/2-1/2

[Event "Rewal 2011 - Open A"]
[Site "Rewal"]
[Date "2011.08.19"]
[Round "1.26"]
[White "Sliwerski, Radoslaw"]
[Black "Lapaj, Mateusz"]
[Result "0-1"]
[WhiteElo "2174"]
[BlackElo "2021"]
[EventDate "2011.??.??"]
[PlyCount "126"]

1.d4 Nf6 2.c4 g6 3.g3 Bg7 4.Bg2 d6 5.Nc3 O-O 6.Nf3 Nbd7 7.O-O e5 8.e4 c6 
9.b3 Re8 10.h3 exd4 11.Nxd4 Nc5 12.Re1 Nfd7 13.Be3 Nb6 14.Qc2 Qc7 15.Rad1 
Ne6 16.Nde2 Rd8 17.Rd2 Nf8 18.Red1 Be6 19.a4 Rd7 20.f4 f5 21.Nd4 Re8 22.
Bf2 fxe4 23.Nxe6 Nxe6 24.Bxe4 Nc5 25.Bg2 Na6 26.Bd4 Nb4 27.Qb2 Bxd4+ 28.
Rxd4 Qd8 29.Qd2 Re6 30.Ne4 c5 31.Nxc5 dxc5 32.Rxd7 Nxd7 33.Bd5 Nxd5 34.
Qxd5 Qe7 35.Re1 Nf8 36.g4 Kh8 37.Rxe6 Qxe6 38.Qxc5 Qb6 39.Qxb6 axb6 40.Kf2
Kg7 41.Ke3 Kf6 42.b4 Ke6 43.Kd3 Kd6 44.f5 gxf5 45.gxf5 Nd7 46.Ke4 Nf6+ 47.
Kf4 h6 48.h4 Nd7 49.Kg4 Ke5 50.Kh5 Kxf5 51.Kxh6 Kf6 52.Kh7 Ne5 53.Kg8 Nxc4
54.h5 Kg5 55.Kf7 Nb2 56.Ke6 Nxa4 57.Kd6 b5 58.Kc7 Kxh5 59.Kxb7 Nc3 60.Kc6 
Kg4 61.Kc5 Kf3 62.Kd4 Ne4 63.Kd3 Nd6 0-1

[Event "Rewal 2011 - Open A"]
[Site "Rewal"]
[Date "2011.08.19"]
[Round "1.27"]
[White "Puczylowski, Marcin"]
[Black "Palosz, Andrzej"]
[Result "0-1"]
[WhiteElo "2011"]
[BlackElo "2167"]
[EventDate "2011.??.??"]
[PlyCount "132"]

1.e4 c5 2.Nf3 e6 3.c3 Nf6 4.e5 Nd5 5.Bc4 Nb6 6.Bb3 c4 7.Bc2 Nc6 8.b4 Qc7 
9.Qe2 d6 10.exd6 Bxd6 11.a4 Bd7 12.Na3 Ne5 13.Nd4 a6 14.f4 Nd3+ 15.Bxd3 
cxd3 16.Qxd3 Bxa4 17.g3 Rd8 18.Qe2 O-O 19.Nac2 e5 20.fxe5 Bxe5 21.O-O g6 
22.Qf2 Bd7 23.Ra5 Bh3 24.Re1 Rfe8 25.Nf3 Bg7 26.Rxe8+ Rxe8 27.Ne3 Bh6 28.
Rc5 Qd8 29.Re5 Rxe5 30.Nxe5 Qc7 31.N3g4 Bg7 32.Nf6+ Bxf6 33.Qxf6 Nd5 34.
Qh4 Qxe5 35.Qxh3 f5 36.Qf1 b5 37.Qd3 Qe1+ 38.Kg2 Qe4+ 39.Qxe4 fxe4 40.Kf2 
Kf7 41.Ke2 Ke6 42.Bb2 Nb6 43.d3 Na4 44.Ba1 exd3+ 45.Kxd3 Kd5 46.c4+ bxc4+ 
47.Kc2 Kc6 48.Bg7 Kb5 49.Bf8 Nb6 50.Kb2 Nd5 51.Ka3 Ne3 52.h3 Nc2+ 53.Kb2 
Nxb4 54.Kc3 a5 55.g4 Nc6 56.Bd6 Nd8 57.Kd4 Ne6+ 58.Kc3 Kc6 59.Be7 Kd5 60.
h4 h5 61.gxh5 gxh5 62.Bf6 Nc5 63.Bd8 Ne4+ 64.Kb2 a4 65.Bb6 Kc6 66.Bd8 Kb5 
0-1

[Event "Rewal 2011 - Open A"]
[Site "Rewal"]
[Date "2011.08.19"]
[Round "1.28"]
[White "Szumilas, Piotr"]
[Black "Ziebinski, Bartosz"]
[Result "1/2-1/2"]
[WhiteElo "2162"]
[BlackElo "2003"]
[EventDate "2011.??.??"]
[PlyCount "104"]

1.e4 e5 2.Nf3 Nc6 3.Nc3 Nf6 4.d4 exd4 5.Nxd4 Bb4 6.Nxc6 bxc6 7.Bd3 d5 8.
exd5 cxd5 9.O-O O-O 10.Bg5 c6 11.Na4 Qd6 12.h3 Re8 13.Bh4 Ne4 14.c3 Ba5 
15.Bxe4 Rxe4 16.Bg3 Qe7 17.Re1 Bf5 18.Rxe4 Qxe4 19.f3 Qc2 20.Qxc2 Bxc2 21.
b3 f6 22.Bf2 Kf7 23.Re1 Bd8 24.Bd4 Bf5 25.Kf2 h5 26.g4 hxg4 27.hxg4 Bc8 
28.Rh1 Kg8 29.Rc1 Be6 30.Nc5 Bf7 31.f4 Be7 32.Na4 a6 33.Bc5 Bd8 34.Kf3 Bc7
35.Re1 Re8 36.Rxe8+ Bxe8 37.Ba3 Kf7 38.Bc5 Bd7 39.Be3 g6 40.Bb6 Bd6 41.b4 
Bb8 42.Nc5 Bc8 43.Nb3 Bd7 44.a4 Bd6 45.a5 Bb8 46.Bc5 Bc7 47.Nc1 Bb8 48.Nd3
Bc8 49.Bf2 Bd6 50.Bb6 Bd7 51.Bd8 Be6 52.Bb6 Bd7 1/2-1/2

[Event "Rewal 2011 - Open A"]
[Site "Rewal"]
[Date "2011.08.19"]
[Round "1.29"]
[White "Leczycki, Pawel"]
[Black "Kaminski, Piotr"]
[Result "0-1"]
[WhiteElo "2002"]
[BlackElo "2158"]
[EventDate "2011.??.??"]
[PlyCount "64"]

1.d4 d6 2.c4 c6 3.Nc3 Nd7 4.g3 e5 5.d5 cxd5 6.Nxd5 Nb6 7.Qb3 Nxd5 8.cxd5 
Nf6 9.Bg2 b6 10.e4 Be7 11.Ne2 O-O 12.O-O Ba6 13.Re1 Nd7 14.Qa3 Bb7 15.Be3 
g6 16.f4 a5 17.Rac1 f6 18.fxe5 fxe5 19.Bh6 Rf6 20.Qe3 Nc5 21.Rf1 Qd7 22.
Nc3 Ba6 23.Rxf6 Bxf6 24.Rc2 Bg7 25.Rf2 Nd3 26.Rd2 Bxh6 27.Qxh6 Rf8 28.Bf1 
Qf7 29.Bh3 Ne1 30.Ne2 Qf2+ 31.Kh1 Bxe2 32.Rxe2 Qf1+ 0-1

[Event "Rewal 2011 - Open A"]
[Site "Rewal"]
[Date "2011.08.19"]
[Round "1.30"]
[White "Turlej, Lukasz"]
[Black "Tomaszewska, Luiza"]
[Result "1-0"]
[WhiteElo "2158"]
[BlackElo "1993"]
[EventDate "2011.??.??"]
[PlyCount "121"]

1.d4 Nf6 2.b3 d6 3.Bb2 Bf5 4.Nf3 Nbd7 5.g3 h6 6.Bg2 c6 7.O-O Qc7 8.Re1 e5 
9.Nbd2 e4 10.Nh4 Bh7 11.Bh1 d5 12.Nf1 g5 13.Ng2 O-O-O 14.a3 h5 15.c4 h4 
16.Nge3 hxg3 17.hxg3 Qd6 18.b4 dxc4 19.Nxc4 Qe6 20.Nfe3 Nd5 21.Rc1 Kb8 22.
b5 cxb5 23.Nxd5 Qxd5 24.Ne3 Qd6 25.Qb3 a6 26.Qxf7 Bg8 27.Qf5 Be6 28.Qxe4 
Rxh1+ 29.Kxh1 Nf6 30.Qe5 Qxe5 31.dxe5 Ne4 32.Kg2 Rd2 33.Rc2 Rd8 34.Rd1 
Rxd1 35.Nxd1 Bb3 36.Rc1 Nd2 37.Ne3 Nc4 38.Nxc4 bxc4 39.f4 gxf4 40.gxf4 b5 
41.f5 Kc7 42.e6 Kd6 43.Rh1 c3 44.Bxc3 Bd5+ 45.Kg1 Bxh1 46.Bb4+ Ke5 47.Kxh1
Bxb4 48.axb4 Kf6 49.Kg2 a5 50.bxa5 b4 51.a6 b3 52.a7 b2 53.a8=Q b1=Q 54.
Qh8+ Kg5 55.Qe5 Qb7+ 56.Kg3 Qb3+ 57.Kh2 Qc4 58.f6+ Kg6 59.e7 Qh4+ 60.Kg2 
Kh7 61.Qh2 1-0

[Event "Rewal 2011 - Open A"]
[Site "Rewal"]
[Date "2011.08.19"]
[Round "1.31"]
[White "Andrzejewska, Anna"]
[Black "Szmyd, Arkadiusz"]
[Result "0-1"]
[WhiteElo "1987"]
[BlackElo "2155"]
[EventDate "2011.??.??"]
[PlyCount "58"]

1.e4 c6 2.d4 d5 3.Nc3 dxe4 4.Nxe4 Nd7 5.Nf3 Ngf6 6.Ng3 e6 7.Bd3 Be7 8.O-O 
O-O 9.Qe2 c5 10.c3 b6 11.Rd1 Qc7 12.Ne5 Bb7 13.Bg5 h6 14.Nxd7 Qxd7 15.Bxf6
Bxf6 16.dxc5 Qc7 17.cxb6 axb6 18.Be4 Ba6 19.Qf3 Rab8 20.Bc6 Rfc8 21.Ba4 b5
22.Bc2 b4 23.Qe4 g6 24.Qg4 Qe7 25.Nh5 Bg5 26.Nf4 bxc3 27.bxc3 Rxc3 28.Bb3 
Rb4 29.Nxg6 Rxg4 0-1

[Event "Rewal 2011 - Open A"]
[Site "Rewal"]
[Date "2011.08.19"]
[Round "1.33"]
[White "Kubica, Kamil"]
[Black "Musialkiewicz, Jan"]
[Result "0-1"]
[WhiteElo "1941"]
[BlackElo "2150"]
[EventDate "2011.??.??"]
[PlyCount "90"]

1.d4 c5 2.d5 f5 3.c4 Nf6 4.Nc3 d6 5.Nf3 g6 6.Bg5 Bg7 7.Qc2 O-O 8.e3 Qa5 9.
Nd2 a6 10.Be2 b5 11.cxb5 axb5 12.Bxb5 Ba6 13.Nb3 Qb6 14.Bxa6 Qxa6 15.Qe2 
h6 16.Bxf6 Bxf6 17.Qxa6 Nxa6 18.Rd1 Nb4 19.Nc1 Rfb8 20.Rd2 Bxc3 21.bxc3 
Nxa2 22.Rc2 Nxc1 23.Rxc1 Rb2 24.O-O Raa2 25.g3 Rd2 26.c4 Rac2 27.Kg2 Rxf2+
28.Rxf2 Rxc1 29.Rf4 Rc2+ 30.Kg1 Re2 31.Rf3 Kg7 32.h4 Rc2 33.Rf4 h5 34.Kf1 
Kf6 35.e4 Ke5 36.exf5 gxf5 37.Ke1 Rc3 38.Kf2 Rd3 39.Rf3 Rxf3+ 40.Kxf3 e6 
41.dxe6 Kxe6 42.Kf4 Kf6 43.Kf3 Ke5 44.Ke3 d5 45.Kd3 d4 0-1